000 00561nam a2200217Ia 4500
005 20241129120319.0
008 241129s9999||||xx |||||||||||||| ||und||
020 _a9789392757648
037 _aTB
040 _aSDCL
_beng
_cSDCL
041 _ahin
_2hin
084 _aO152,1N45x R2
_qSDCL
100 _aKhan Ushakiran
_9396138
245 0 _aSiya-Piya Katha
260 _aDelhi
_bRajkamal prakashan India
_c2022
300 _a134p
365 _aINR
_b295
650 _aHindi
942 _cTB
_hO152,1N45x R2
999 _c1234288
_d1234288